Govt. of
Madhya Pradesh

THE ASURA WAY The Contrarian Path to Success (Record no. 67535)

MARC details
000 -LEADER
fixed length control field 00283nam a22001097a 4500
082 ## - DEWEY DECIMAL CLASSIFICATION NUMBER
Classification number 150/NEE
100 ## - MAIN ENTRY--AUTHOR NAME
Personal name Neelakantan, Anand
245 ## - TITLE STATEMENT
Title THE ASURA WAY The Contrarian Path to Success
260 ## - PUBLICATION, DISTRIBUTION, ETC. (IMPRINT)
Place of publication Mumbai
Name of publisher Jaico Publishing House
Year of publication 2024
650 ## - SUBJECT ADDED ENTRY--TOPICAL TERM
Topical Term Philosophy
942 ## - ADDED ENTRY ELEMENTS (KOHA)
Koha item type Books
Holdings
Withdrawn status Lost status Damaged status Not for loan Home library Current library Date acquired Cost, normal purchase price Full call number Accession Number Price effective from Koha item type
        MACL MACL 23/10/2024 399.00 150/NEE DPI002909 23/10/2024 Books